Buying a house or land next to the railway (Record no. 120821)

MARC details
000 -LEADER
fixed length control field 00892cai a22001815a 4500
001 - CONTROL NUMBER
control field L148315
008 - FIXED-LENGTH DATA ELEMENTS--GENERAL INFORMATION
fixed length control field 090902u xxk g 000 0 eng d
035 ## - SYSTEM CONTROL NUMBER
System control number (Sirsi) u148315
041 0# - LANGUAGE CODE
Language code of text/sound track or separate title eng
110 2# - MAIN ENTRY--CORPORATE NAME
Corporate name or jurisdiction name as entry element Network Rail
9 (RLIN) 4846
245 00 - TITLE STATEMENT
Title Buying a house or land next to the railway
Medium [electronic resource]
520 ## - SUMMARY, ETC.
Summary, etc. Section of Network Rail's website which provides answers to most frequently asked questions of buyers of house or land next to a railway. Deals with: train services; ownership and maintenance of boundary walls and fences; rights of access, wayleaves or other easements claimed by Network Rail and many other common questions.
590 ## - LOCAL NOTE (RLIN)
Local note KA
651 #4 - SUBJECT ADDED ENTRY--GEOGRAPHIC NAME
Geographic name Great Britain
Chronological subdivision 1707-
690 ## - LOCAL SUBJECT ADDED ENTRY--TOPICAL TERM (OCLC, RLIN)
Topical term or geographic name as entry element PROPERTY-PROPERTY ACQUISITION AND DISPOSAL
856 40 - ELECTRONIC LOCATION AND ACCESS
Uniform Resource Identifier <a href="https://www.networkrail.co.uk/aspx/3287.aspx">https://www.networkrail.co.uk/aspx/3287.aspx</a>
Public note View the website free of charge at www.networkrail.co.uk...
942 ## - ADDED ENTRY ELEMENTS (KOHA)
Suppress in OPAC 0
Holdings
Withdrawn status Lost status Source of classification or shelving scheme Damaged status Not for loan Home library Current library Shelving location Date acquired Total Checkouts Full call number Barcode Date last seen Copy number Price effective from Koha item type
    Dewey Decimal Classification     Virtual Virtual Online 02/09/2009   ONLINE PUBLICATION 148315-2001 06/08/2019 1 06/08/2019 Online material